Ạ twēi ạ hkaw hīn lēi ō kyī. (Record no. 62549)

MARC details
000 -LEADER
fixed length control field 00547cam a2200193 4500
001 - CONTROL NUMBER
control field sa 65002253
003 - CONTROL NUMBER IDENTIFIER
control field DLC
005 - DATE AND TIME OF LATEST TRANSACTION
control field 20260227112115.0
008 - FIXED-LENGTH DATA ELEMENTS--GENERAL INFORMATION
fixed length control field 950620s1963 br 000 0 buro
010 ## - LIBRARY OF CONGRESS CONTROL NUMBER
LC control number sa 65002253
040 ## - CATALOGING SOURCE
Original cataloging agency DLC
Transcribing agency DLC
Modifying agency DLC
050 00 - LIBRARY OF CONGRESS CALL NUMBER
Classification number PL3988.P4
Item number A9
100 0# - MAIN ENTRY--PERSONAL NAME
Personal name Pe Thein,
Titles and words associated with a name U,
Dates associated with a name 1889-
245 10 - TITLE STATEMENT
Title Ạ twēi ạ hkaw hīn lēi ō kyī.
Statement of responsibility, etc. [yēi thu] Shwei Ụ Dāung.
260 ## - PUBLICATION, DISTRIBUTION, ETC.
Place of publication, distribution, etc. Yan kon,
Name of publisher, distributor, etc. Nei Pyi Taw Sa pei Taik
Date of publication, distribution, etc. [1963]
300 ## - PHYSICAL DESCRIPTION
Extent 158 p.
Dimensions 21 cm.
490 0# - SERIES STATEMENT
Series statement Ạ htū htok ạ hmat
Volume/sequential designation 1
500 ## - GENERAL NOTE
General note In Burmese.

No items available.

Powered by Koha